A COURSE IN LINGUISTICS (Record no. 22502)

MARC details
000 -LEADER
fixed length control field 00343nam a22001577a 4500
003 - CONTROL NUMBER IDENTIFIER
control field SGT
020 ## - INTERNATIONAL STANDARD BOOK NUMBER
International Standard Book Number 9789385028950
082 ## - DEWEY DECIMAL CLASSIFICATION NUMBER
Classification number 410,PRA
100 ## - MAIN ENTRY--PERSONAL NAME
Personal name PRASAD,TARNI
245 ## - TITLE STATEMENT
Title A COURSE IN LINGUISTICS
250 ## - EDITION STATEMENT
Edition statement 3RD
260 ## - PUBLICATION, DISTRIBUTION, ETC. (IMPRINT)
Place of publication, distribution, etc NEW DELHI
Name of publisher, distributor, etc PHI LEARNING PVT LTD
Year of Publication 2017
300 ## - PAGE DESCRIPTION
No. of Pages 308
650 ## - SUBJECT ADDED ENTRY--TOPICAL TERM
Topical term or geographic name as entry element LANGUAGES
942 ## - ADDED ENTRY ELEMENTS (KOHA)
Source of classification or shelving scheme Dewey Decimal Classification
Koha item type Books
942 ## - ADDED ENTRY ELEMENTS (KOHA)
-- 1
Holdings
Withdrawn status Lost status Source of classification or shelving scheme Damaged status Use restrictions Not for loan Collection code Home library Current library Shelving location Date acquired Vendor Name Cost, normal purchase price SGTU Bill Number Total Checkouts Full call number Accession No. (Barcode) Date last seen Date last borrowed Bill Date Koha item type
    Dewey Decimal Classification   Restricted Access Not For Loan ENGINEERING SGT Engineering Library SGT Engineering Library Reference Book 19/03/2022 SBD SUBSCRIPTION SERVICES 395.00 SGTU SBDHO2021 1 410,PRA FE8377 17/05/2023 28/09/2022 12/11/2021 Books